00391nam a22001457a 450000500170000000800410001702000180005804100090007608200120008510000210009724500540011826000380017230000190021065000160022920250327101251.0250327b        |||||||| |||| 00| 0 eng d  a9798888365458  aEng.  a510 PAR  aParrish, Dennis   aIndustrial And Applied Mathematics: Recent Trends  aNew YorkbLarsen and Kellerc2025  a239;. P. 23 cm  aMathematics